00499nam a22001577a 4500020001600000082000800016100001400024245002600038250000600064260003400070300000800104500003700112520014700149650003100296700001400327 a81-204-1399 a589 aNita Bahl aHandbook On Mushrooms a4 aNew DelhibOxford & IBHc2002 a166 aNematodes Mites Minerals Protein aThis book provid the origin of the word Mushroom has been traced with an account on the history of Mushroom cultivation, uses and food value. aNematodes, Mites ,Minerals aNita Bahl